00822nam a22002297a 45000050016000000100020000160200025000360350020000610370024000810820014001051000027001192450162001462600035003082700068003433000029004114900052004405000020004927000025005127000019005377000018005567000018005742011121202412.0 aB-482993-483001 a9788179931707c75.00 aB-482993-483001 bBlueberry Books/Ven a677.02864 aAgarwal, Tanya Luther  aA amazing journey of a denim jeans /cby Tanya Luther Agarwal; edited by Madhu Singh Sirohi; illustrated by Yatindra Kumar, Vijay Nipane [and] Neeraj Ridlan aNew Delhi bTERI Press c2008 aDrbari Seth Block, IHC Complex, Lodhi Road,bNew Delhi e110003 a16p. bill. c24cm(pbk)  aFrom nature to your home; edited by Pallavi Sah aIncludes index  aSirohi, Madhu Singh  aYatindra Kumar aRidlan Neeraj aNipane, Vijay